[Event "WSTCC-65 2020"]
[Site "Prague"]
[Date "2020.03.09"]
[Round "4.31"]
[White "Aragones-Melhem, Georgy"]
[Black "Michenka, Jozef"]
[Result "0-1"]
[WhiteElo "2106"]
[BlackElo "2291"]
[Annotator "TA"]
[PlyCount "146"]
[EventDate "2020.03.06"]
[EventType "team-tourn"]
[EventCountry "CZE"]
[SourceTitle "playchess.com"]
[Source "ChessBase"]
[SourceQuality "1"]

{[%evp 22,146,0,-24,0,-42,-43,-74,-73,-139,-118,-152,-129,-138,-121,-150,-145,-171,-174,-184,-176,-172,-173,-187,-161,-172,-152,-231,-225,-315,-319,-322,-300,-323,-325,-318,-330,-316,-303,-297,-295,-302,-287,-388,-295,-298,-294,-398,-398,-397,-368,-396,-374,-393,-394,-506,-438,-654,-652,-630,-620,-596,-585,-2553,-423,-410,-389,-585,-581,-538,-543,-861,-591,-524,-493,-451,-438,-795,-800,-485,-310,-29950,-6621,-29971,-29972,-29963,-29955,-5708,-6550,-29983,-29981,-29982,-29983,-29983,-29979,-29986,-8,-8,-8,-8,-8,-8,0,0,0,0,0,-29957,-29959,-29958,-29948,-29958,-29956,-29958,-29959,-29957,0,0,0,-29952,-4602,-29982,-29981,-29987,-29988,-29998,-29999]} 1. e4 c5 2. Nf3 d6 3. d4 cxd4 4. Qxd4 Nc6 5. Bb5 Bd7 6. Bxc6 Bxc6 7. Nc3 Nf6 8. Bg5 e6 9. O-O Be7 10. Rad1 O-O 11. Rfe1 h6 12. Bh4 Qc7 {B53: Sicilian: 2...d6: Lines with Qxd4.} 13. Bg3 {[%cal Rg3d6]} Rfd8 14. h3 {[#]} b5 $146 {Black is better.} ({Predecessor:} 14... a6 15. a4 b5 16. axb5 axb5 17. Qb4 Qb8 18. Nd4 Be8 19. e5 Nd5 20. Nxd5 exd5 21. exd6 Bf8 22. Nf5 Qb7 23. Qd4 g6 24. Ne7+ Bxe7 25. Rxe7 Rd7 26. Rde1 Rxe7 27. Rxe7 {1-0 (27) Rudakov,A (1950)-Karabashev,S (2176) Kislovodsk 2010}) 15. a4 (15. Qd3 $142) 15... e5 $17 16. Qb4 a5 17. Nxb5 Qb7 18. Qb3 Nxe4 19. Nc3 Nxc3 20. Qxb7 Bxb7 21. bxc3 Kf8 22. Nd2 Rdc8 23. c4 Rab8 24. c5 (24. Re3 $17) 24... Rxc5 $19 25. Nb3 Rxc2 26. Nxa5 {Threatening Rb1.} Bc8 27. Rc1 Rxc1 28. Rxc1 Bd7 29. f4 f6 ({Don't do} 29... Bxa4 30. fxe5 d5 31. Kh2 $19) 30. fxe5 dxe5 ({Don't take} 30... fxe5 31. Nc6 $19) 31. Rc7 Bxa4 32. Nc6 Bxc6 33. Rxc6 {[%mdl 4096] Endgame KRB-KRB} Kf7 34. Kf2 {[#]} Rb6 $1 {[%mdl 512]} 35. Rc2 (35. Rxb6 Bc5+) 35... Ke6 36. Ke2 f5 37. Bf2 Ra6 38. g4 g6 39. gxf5+ (39. Rc8 $142) 39... gxf5 40. Rc8 e4 41. Re8 Kf7 42. Rh8 Bf8 (42... Ra2+ $142 43. Kf1 Bg5 44. Rh7+ Ke6) 43. Be3 Rg6 44. h4 (44. Kf2 $142) 44... Rf6 45. Bd4 Ra6 46. h5 Ra2+ 47. Ke3 Ra3+ 48. Ke2 {intending Rxf8+!} Rd3 49. Rh7+ (49. Be5 $142) 49... Ke6 50. Be3 Ra3 51. Bxh6 $2 (51. Rb7 $19 Bd6 52. Bxh6) 51... Ra2+ 52. Kf1 Bxh6 53. Rxh6+ {KR-KR} Ke5 54. Rb6 Kf4 55. Kg1 Kf3 56. h6 Rg2+ 57. Kh1 Rg5 58. Rb2 Rg8 $2 (58... e3 59. h7 Rh5+ {[%mdl 64] Double Attack} 60. Kg1 Rxh7 61. Rb3 f4 62. Rb2 e2 63. Rb3+ Kg4 64. Kf2 Rh2+ 65. Ke1 f3 66. Kd2 Rh1 67. Rb4+ Kg3 68. Re4 Rd1+ 69. Kc2 e1=Q 70. Rxe1 Rxe1 71. Kc3 f2 72. Kd4 f1=Q 73. Kd5 Qd3+ 74. Kc5 Rc1+ 75. Kb4 Rc8 76. Ka5 Rb8 77. Ka4 Qa6#) 59. h7 $11 Rd8 {Strongly threatening ...f4.} 60. Rd2 $1 {[%cal Rd2d8]} Rh8 ({Don't play} 60... Rxd2 61. h8=Q $14) 61. Rh2 $1 f4 {aiming for ...e3.} 62. Kg1 Ke3 {White must now prevent ...f3.} 63. Kf1 f3 {( -> ...Rc8)} (63... Kd3 $5) 64. Ke1 $2 {[%mdl 8192]} (64. Kg1 $11 Kf4 65. Rh4+ Kg3 66. Rh6) 64... Kf4 65. Rh4+ Kg3 66. Rh6 e3 67. Rg6+ Kf4 68. Rf6+ {[#]} Ke4 $2 (68... Kg4 $1 {mates} 69. Rg6+ {[#]} Kf5 $1 {[%mdl 512]} 70. Rg3 Kf4 71. Rg7 Rb8 72. Rf7+ Ke4 73. Re7+ Kf4 74. Rf7+ Ke4 75. Re7+ Kd3 76. Rd7+ Ke4 77. Re7+) 69. Re6+ Kd4 70. Rh6 $2 {[%mdl 8192]} (70. Rd6+ $11 Ke4 71. Re6+ Kf4 72. Rf6+ Kg4 73. Rg6+ Kf5 74. Rg3) 70... Ke5 71. Rh3 Ke4 {Black mates.} 72. Rh4+ Kd3 73. Rh3 Rb8 {Accuracy: White = 43%, Black = 83%.} 0-1

[Event "WSTCC-65 2020"]
[Site "Prague"]
[Date "2020.03.09"]
[Round "4.32"]
[White "Cesal, Jaroslav"]
[Black "Schrickx, Frank"]
[Result "0-1"]
[WhiteElo "2136"]
[BlackElo "1826"]
[Annotator "ChessBase"]
[PlyCount "52"]
[EventDate "2020.03.06"]
[EventType "team-tourn"]
[EventCountry "CZE"]
[SourceTitle "playchess.com"]
[Source "ChessBase"]
[SourceQuality "1"]
[TimeControl "40/5400+30:1800+30"]

1. d4 {[%emt 0:00:00]} d5 {[%emt 0:00:00]} 2. Nf3 {[%emt 0:00:00]} Nf6 {[%emt 0:00:00]} 3. c4 {[%emt 0:00:00]} e6 {[%emt 0:00:01]} 4. Nc3 {[%emt 0:00:00]} Be7 {[%emt 0:00:27]} 5. Bg5 {[%emt 0:00:06]} c6 {[%emt 0:00:37]} 6. e3 {[%emt 0:01:53]} Nbd7 {[%emt 0:00:30]} 7. Qc2 {[%emt 0:00:43]} O-O {[%emt 0:01:41]} 8. h3 {[%emt 0:01:37]} h6 {[%emt 0:02:20]} 9. Bf4 {[%emt 0:01:07]} b6 {[%emt 0:04:38]} 10. Bd3 {[%emt 0:02:51]} Bb7 {[%emt 0:01:19]} 11. O-O {[%emt 0:00:29]} dxc4 {[%emt 0:07:52]} 12. Bxc4 {[%emt 0:00:08]} Nd5 {[%emt 0:02:48]} 13. Bg3 {[%emt 0:04:41]} Nxc3 {[%emt 0:01:50]} 14. bxc3 {[%emt 0:02:20]} c5 {[%emt 0:01:06]} 15. Rad1 {[%emt 0:03:38]} Qc8 {[%emt 0:04:11]} 16. d5 {[%emt 0:03:20]} exd5 {[%emt 0:02:01]} 17. Bxd5 {[%emt 0:00:37]} Bxd5 {[%emt 0:00:44]} 18. Rxd5 {[%emt 0:00:06]} Nf6 {[%emt 0:01:11]} 19. Rd2 {[%emt 0:10:02]} Qb7 {[%emt 0:04:47]} 20. Ne5 {[%emt 0:03:22]} Rad8 {[%emt 0:01:55]} 21. Rfd1 {[%emt 0:03:42]} Rxd2 {[%emt 0:06:34]} 22. Rxd2 {[%emt 0:00:15]} Rd8 {[%emt 0:00:30]} 23. Rxd8+ {[%emt 0:05:14]} Bxd8 {[%emt 0:00:02]} 24. Qd3 {[%emt 0:03:51]} Bc7 {[%emt 0:05:25]} 25. c4 {[%emt 0:04:50]} Qe4 {[%emt 0:09:30]} 26. Kh2 {[%emt 0:15:39]} Bxe5 {[%emt 0:06:19]} 0-1

[Event "WSTCC-65 2020"]
[Site "Prague"]
[Date "2020.03.09"]
[Round "4.33"]
[White "Waschk, Armin"]
[Black "Herzog, Adolf"]
[Result "0-1"]
[WhiteElo "2165"]
[BlackElo "2312"]
[Annotator "ChessBase"]
[PlyCount "100"]
[EventDate "2020.03.06"]
[EventType "team-tourn"]
[EventCountry "CZE"]
[SourceTitle "playchess.com"]
[Source "ChessBase"]
[SourceQuality "1"]
[TimeControl "40/5400+30:1800+30"]

1. d4 {[%emt 0:00:00]} e6 {[%emt 0:00:00]} 2. c4 {[%emt 0:00:00]} Nf6 {[%emt 0:00:11]} 3. Nf3 {[%emt 0:00:01]} d5 {[%emt 0:00:08]} 4. Nc3 {[%emt 0:01:02]} Be7 {[%emt 0:02:00]} 5. Bg5 {[%emt 0:02:07]} Nbd7 {[%emt 0:02:16]} 6. e3 {[%emt 0:00:40]} h6 {[%emt 0:00:26]} 7. Bh4 {[%emt 0:00:07]} O-O {[%emt 0:00:11]} 8. Rc1 {[%emt 0:01:19]} b6 {[%emt 0:04:13]} 9. cxd5 {[%emt 0:03:13]} exd5 {[%emt 0:00:17]} 10. Bd3 {[%emt 0:05:41]} Bb7 {[%emt 0:01:49]} 11. O-O {[%emt 0:00:09]} Ne4 {[%emt 0:02:11]} 12. Bxe7 {[%emt 0:00:13]} Qxe7 {[%emt 0:00:09]} 13. Re1 {[%emt 0:02:34]} Rfc8 {[%emt 0:06:45]} 14. Bb1 {[%emt 0:01:42]} c5 {[%emt 0:04:52]} 15. Nd2 {[%emt 0:11:34]} Ndf6 {[%emt 0:10:09]} 16. f3 {[%emt 0:00:34]} Nxc3 {[%emt 0:03:16]} 17. bxc3 {[%emt 0:10:02]} Re8 {[%emt 0:05:26]} 18. Nf1 {[%emt 0:09:02]} Rac8 {[%emt 0:04:10]} 19. Qd3 {[%emt 0:01:22]} g6 {[%emt 0:02:08]} 20. Qd2 {[%emt 0:01:40]} Kg7 {[%emt 0:00:27]} 21. Bd3 {[%emt 0:01:31]} Qd7 {[%emt 0:02:42]} 22. Qb2 {[%emt 0:03:46]} Re7 {[%emt 0:01:22]} 23. Qa3 {[%emt 0:01:39]} a6 {[%emt 0:05:07]} 24. Qb2 {[%emt 0:04:41]} b5 {[%emt 0:00:10]} 25. a3 {[%emt 0:00:22]} c4 {[%emt 0:01:05]} 26. Bb1 {[%emt 0:00:12]} Rce8 {[%emt 0:00:35]} 27. Re2 {[%emt 0:00:36]} Nh5 {[%emt 0:02:07]} 28. Rce1 {[%emt 0:00:35]} Re6 {[%emt 0:03:38]} 29. g4 {[%emt 0:02:03]} Nf6 {[%emt 0:00:51]} 30. Ng3 {[%emt 0:00:19]} Qe7 {[%emt 0:01:13]} 31. Qd2 {[%emt 0:00:09]} Qxa3 {[%emt 0:04:45]} 32. h4 {[%emt 0:00:27]} Qd6 {[%emt 0:03:20]} 33. Rg2 {[%emt 0:00:12]} R6e7 {[%emt 0:04:49]} 34. h5 {[%emt 0:01:08]} Bc8 {[%emt 0:01:59]} 35. hxg6 {[%emt 0:00:11]} fxg6 {[%emt 0:00:07]} 36. Qc2 {[%emt 0:11:36]} Nh7 {[%emt 0:00:50]} 37. Nh5+ {[%emt 0:00:54]} Kf7 {[%emt 0:02:55]} 38. e4 {[%emt 0:00:51]} Ng5 {[%emt 0:06:27]} 39. e5 {[%emt 0:01:51]} Qb6 {[%emt 0:05:02]} 40. Kh1 {[%emt 0:00:00]} gxh5 {[%emt 0:00:00]} 41. f4 {[%emt 0:02:57]} Ne4 {[%emt 0:02:12]} 42. Rxe4 {[%emt 0:00:06]} dxe4 {[%emt 0:00:33]} 43. Qxe4 {[%emt 0:00:05]} Rg8 {[%emt 0:01:28]} 44. f5 {[%emt 0:01:31]} Rxg4 {[%emt 0:01:38]} 45. Rxg4 {[%emt 0:02:28]} hxg4 {[%emt 0:00:47]} 46. d5 {[%emt 0:03:57]} Bb7 {[%emt 0:16:06]} 47. e6+ {[%emt 0:00:10]} Kf6 {[%emt 0:01:02]} 48. Qg2 {[%emt 0:00:08]} Qe3 {[%emt 0:03:28]} 49. Be4 {[%emt 0:01:47]} h5 {[%emt 0:01:08]} 50. Kh2 {[%emt 0:00:37]} Qf4+ {[%emt 0:01:16]} 0-1

[Event "WSTCC-65 2020"]
[Site "Prague"]
[Date "2020.03.09"]
[Round "4.34"]
[White "Singer, Hans"]
[Black "Luethke, Hans-Eckart"]
[Result "1-0"]
[WhiteElo "2168"]
[BlackElo "2091"]
[Annotator "NA"]
[PlyCount "53"]
[EventDate "2020.03.06"]
[EventType "team-tourn"]
[EventCountry "CZE"]
[SourceTitle "playchess.com"]
[Source "ChessBase"]
[SourceQuality "1"]
[TimeControl "40/5400+30:1800+30"]

1. c4 {[%emt 0:00:00]} e6 {[%emt 0:00:25]} 2. Nc3 {[%emt 0:00:00]} d5 {[%emt 0:00:08]} 3. d4 {[%emt 0:00:00]} Be7 {[%emt 0:00:40]} 4. Nf3 {[%emt 0:00:28]} c6 {[%emt 0:00:36]} 5. e4 {[%emt 0:01:42]} dxe4 {[%emt 0:00:43]} 6. Nxe4 {[%emt 0:00:10]} Nf6 {[%emt 0:00:31]} 7. Bd3 {[%emt 0:07:10]} Nxe4 {[%emt 0:00:50]} 8. Bxe4 {[%emt 0:00:03]} Nd7 {[%emt 0:00:49]} 9. O-O {[%emt 0:02:13]} Nf6 {[%emt 0:00:07]} 10. Bc2 {[%emt 0:00:48]} O-O {[%emt 0:01:06]} 11. Qd3 {[%emt 0:02:32]} c5 {[%emt 0:02:14]} 12. Bg5 {[%emt 0:01:43]} g6 {[%emt 0:00:01]} 13. dxc5 {[%emt 0:05:11]} Qc7 $18 {[%emt 0:01:03]} (13... Qxd3 $16 {was necessary.} 14. Bxd3 Kg7) 14. Qc3 {[%emt 0:01:16]} Ne8 {[%emt 0:05:08]} 15. Bxe7 {[%emt 0:00:21]} Qxe7 {[%emt 0:00:03]} 16. b4 {[%emt 0:00:36]} f6 {[%emt 0:02:51]} 17. Rad1 {[%emt 0:04:53]} e5 {[%emt 0:00:41]} 18. Be4 {[%emt 0:00:32]} Kg7 {[%emt 0:02:33]} 19. a3 {[%emt 0:10:51]} Nc7 {[%emt 0:02:14]} 20. Rd6 {[%emt 0:06:15]} Rb8 {[%emt 0:01:08]} 21. Rfd1 {[%emt 0:00:48]} Be6 {[%emt 0:01:08]} 22. h3 {[%emt 0:06:43]} Qf7 {[%emt 0:04:15]} 23. a4 {[%emt 0:08:42]} Rfe8 {[%emt 0:02:01]} 24. b5 {[%emt 0:03:45]} Re7 {[%emt 0:00:27]} 25. c6 {[%emt 0:01:01]} bxc6 {[%emt 0:04:05]} 26. Rxc6 {[%emt 0:00:16]} Ne8 {[%emt 0:01:13]} 27. Nxe5 {[%emt 0:01:07]} 1-0

[Event "WSTCC-65 2020"]
[Site "Prague"]
[Date "2020.03.09"]
[Round "4.35"]
[White "Schulz, Michael"]
[Black "Ager, Josef"]
[Result "0-1"]
[WhiteElo "2122"]
[BlackElo "2139"]
[Annotator "ChessBase"]
[PlyCount "80"]
[EventDate "2020.03.06"]
[EventType "team-tourn"]
[EventCountry "CZE"]
[SourceTitle "playchess.com"]
[Source "ChessBase"]
[SourceQuality "1"]
[TimeControl "40/5400+30:1800+30"]

1. d4 {[%emt 0:00:00]} Nf6 {[%emt 0:00:00]} 2. Bg5 {[%emt 0:00:00]} Ne4 {[%emt 0:00:00]} 3. Bf4 {[%emt 0:00:00]} e6 {[%emt 0:00:00]} 4. e3 {[%emt 0:00:03]} b6 {[%emt 0:00:26]} 5. f3 {[%emt 0:02:49]} Nf6 {[%emt 0:00:58]} 6. e4 {[%emt 0:00:31]} d5 {[%emt 0:02:06]} 7. e5 {[%emt 0:01:33]} Ng8 {[%emt 0:00:36]} 8. c3 {[%emt 0:00:54]} Ne7 {[%emt 0:00:17]} 9. Bg5 {[%emt 0:01:55]} Qd7 {[%emt 0:01:03]} 10. Bd3 {[%emt 0:05:41]} Ba6 {[%emt 0:00:39]} 11. Ne2 {[%emt 0:00:39]} Bxd3 {[%emt 0:00:45]} 12. Qxd3 {[%emt 0:00:05]} c5 {[%emt 0:00:10]} 13. O-O {[%emt 0:00:59]} Nbc6 {[%emt 0:00:10]} 14. Bxe7 {[%emt 0:05:16]} Bxe7 {[%emt 0:00:29]} 15. f4 {[%emt 0:00:07]} g6 {[%emt 0:00:39]} 16. Nd2 {[%emt 0:02:30]} c4 {[%emt 0:04:08]} 17. Qf3 {[%emt 0:01:39]} b5 {[%emt 0:01:03]} 18. b4 {[%emt 0:06:13]} a5 {[%emt 0:00:54]} 19. a4 {[%emt 0:01:34]} axb4 {[%emt 0:02:40]} 20. axb5 {[%emt 0:01:51]} Rxa1 {[%emt 0:00:07]} 21. Rxa1 {[%emt 0:00:19]} Nd8 {[%emt 0:00:12]} 22. cxb4 {[%emt 0:09:24]} Qxb5 {[%emt 0:01:06]} 23. Nc3 {[%emt 0:04:38]} Qxb4 {[%emt 0:01:20]} 24. Rb1 {[%emt 0:01:45]} Qa5 {[%emt 0:00:56]} 25. Rb5 {[%emt 0:01:56]} Qa7 {[%emt 0:00:25]} 26. Qe3 {[%emt 0:00:12]} Nc6 {[%emt 0:02:01]} 27. Nf3 {[%emt 0:00:28]} Bb4 {[%emt 0:02:57]} 28. Kf2 {[%emt 0:06:48]} Qa6 {[%emt 0:04:43]} 29. Rxb4 {[%emt 0:06:24]} Nxb4 {[%emt 0:00:09]} 30. h3 {[%emt 0:09:15]} h6 {[%emt 0:01:18]} 31. g4 {[%emt 0:01:05]} Qa5 {[%emt 0:05:15]} 32. Kg3 {[%emt 0:01:06]} Nd3 {[%emt 0:00:33]} 33. Ne2 {[%emt 0:02:41]} Qb4 {[%emt 0:04:15]} 34. Kh2 {[%emt 0:07:40]} Kd7 {[%emt 0:01:57]} 35. f5 {[%emt 0:02:14]} g5 {[%emt 0:03:30]} 36. Nfg1 {[%emt 0:05:35]} Qe1 {[%emt 0:01:24]} 37. Kh1 {[%emt 0:01:46]} Ra8 {[%emt 0:01:40]} 38. Qf3 {[%emt 0:01:47]} Qf2 {[%emt 0:00:11]} 39. Qxf2 {[%emt 0:00:29]} Nxf2+ {[%emt 0:00:11]} 40. Kg2 {[%emt 0:00:00]} Ne4 {[%emt 0:00:00]} 0-1

[Event "WSTCC-65 2020"]
[Site "Prague"]
[Date "2020.03.09"]
[Round "4.36"]
[White "Danner, Lambert"]
[Black "Sager, Bernd"]
[Result "1-0"]
[WhiteElo "2022"]
[BlackElo "1920"]
[Annotator "ChessBase"]
[PlyCount "63"]
[EventDate "2020.03.06"]
[EventType "team-tourn"]
[EventCountry "CZE"]
[SourceTitle "playchess.com"]
[Source "ChessBase"]
[SourceQuality "1"]
[TimeControl "40/5400+30:1800+30"]

1. g3 {[%emt 0:00:00]} d5 {[%emt 0:01:10]} 2. c4 {[%emt 0:00:00]} e6 {[%emt 0:00:47]} 3. Bg2 {[%emt 0:00:00]} Nf6 {[%emt 0:01:06]} 4. Nf3 {[%emt 0:00:18]} Be7 {[%emt 0:03:32]} 5. O-O {[%emt 0:01:04]} O-O {[%emt 0:02:29]} 6. d4 {[%emt 0:00:55]} c5 {[%emt 0:07:42]} 7. cxd5 {[%emt 0:00:57]} exd5 {[%emt 0:02:09]} 8. Nc3 {[%emt 0:00:21]} Nc6 {[%emt 0:12:05]} 9. dxc5 {[%emt 0:07:58]} Bxc5 {[%emt 0:00:20]} 10. a3 {[%emt 0:00:21]} Be6 {[%emt 0:00:59]} 11. b4 {[%emt 0:00:42]} Be7 {[%emt 0:05:57]} 12. Bb2 {[%emt 0:01:13]} a6 {[%emt 0:13:19]} 13. Nd4 {[%emt 0:02:57]} Nxd4 {[%emt 0:04:31]} 14. Qxd4 {[%emt 0:00:06]} Rc8 {[%emt 0:01:23]} 15. Rfd1 {[%emt 0:03:30]} Rc4 {[%emt 0:04:44]} 16. Qxc4 {[%emt 0:03:34]} dxc4 {[%emt 0:00:09]} 17. Rxd8 {[%emt 0:00:05]} Rxd8 {[%emt 0:00:07]} 18. Bxb7 {[%emt 0:00:06]} Rd2 {[%emt 0:00:34]} 19. Rb1 {[%emt 0:00:52]} Bf5 {[%emt 0:08:07]} 20. e4 {[%emt 0:00:59]} Bh3 {[%emt 0:05:37]} 21. Nd1 {[%emt 0:02:23]} a5 {[%emt 0:05:14]} 22. Bc3 {[%emt 0:03:18]} Rc2 {[%emt 0:06:59]} 23. bxa5 {[%emt 0:02:20]} Bg4 {[%emt 0:04:58]} 24. Bxf6 {[%emt 0:00:39]} gxf6 {[%emt 0:00:02]} 25. Ne3 {[%emt 0:00:10]} Ra2 {[%emt 0:01:51]} 26. Nxg4 {[%emt 0:00:21]} c3 {[%emt 0:00:29]} 27. Rc1 {[%emt 0:01:34]} c2 {[%emt 0:02:08]} 28. Ne3 {[%emt 0:01:24]} Rb2 {[%emt 0:00:12]} 29. Rxc2 {[%emt 0:02:36]} Rxb7 {[%emt 0:00:18]} 30. Rc8+ {[%emt 0:00:48]} Kg7 {[%emt 0:03:28]} 31. Nf5+ {[%emt 0:00:08]} Kg6 {[%emt 0:00:05]} 32. Rg8+ {[%emt 0:00:23]} 1-0

[Event "WSTCC-65 2020"]
[Site "Prague"]
[Date "2020.03.09"]
[Round "4.37"]
[White "Watzka, Horst"]
[Black "Klundt, Klaus"]
[Result "1/2-1/2"]
[WhiteElo "2166"]
[BlackElo "2299"]
[Annotator "ChessBase"]
[PlyCount "79"]
[EventDate "2020.03.06"]
[EventType "team-tourn"]
[EventCountry "CZE"]
[SourceTitle "playchess.com"]
[Source "ChessBase"]
[SourceQuality "1"]
[TimeControl "40/5400+30:1800+30"]

1. e4 {[%emt 0:00:00]} c5 {[%emt 0:00:00]} 2. Nf3 {[%emt 0:00:09]} e6 {[%emt 0:00:00]} 3. Nc3 {[%emt 0:01:42]} Nc6 {[%emt 0:01:02]} 4. d4 {[%emt 0:03:01]} cxd4 {[%emt 0:00:14]} 5. Nxd4 {[%emt 0:00:06]} Qc7 {[%emt 0:00:13]} 6. Be3 {[%emt 0:01:03]} a6 {[%emt 0:00:14]} 7. Qf3 {[%emt 0:04:14]} b5 {[%emt 0:03:37]} 8. Nxc6 {[%emt 0:11:26]} Qxc6 {[%emt 0:01:26]} 9. Bd3 {[%emt 0:02:21]} Bb7 {[%emt 0:01:12]} 10. a3 {[%emt 0:07:07]} Nf6 {[%emt 0:02:17]} 11. Bd4 {[%emt 0:01:20]} Bc5 {[%emt 0:02:42]} 12. Bxc5 {[%emt 0:04:32]} Qxc5 {[%emt 0:02:25]} 13. Qe2 {[%emt 0:00:12]} e5 {[%emt 0:10:58]} 14. O-O-O {[%emt 0:12:14]} O-O {[%emt 0:04:31]} 15. g4 {[%emt 0:07:20]} b4 {[%emt 0:03:05]} 16. axb4 {[%emt 0:01:35]} Qxb4 {[%emt 0:00:03]} 17. g5 {[%emt 0:00:13]} Ne8 {[%emt 0:00:22]} 18. Rhe1 {[%emt 0:14:10]} Rb8 {[%emt 0:16:11]} 19. Bc4 {[%emt 0:07:01]} Nd6 {[%emt 0:01:11]} 20. Bb3 {[%emt 0:00:35]} Rfc8 {[%emt 0:00:47]} 21. Qd3 {[%emt 0:02:20]} Nb5 {[%emt 0:12:45]} 22. Nxb5 {[%emt 0:07:39]} axb5 23. Qe3 {[%emt 0:01:52]} Ra8 {[%emt 0:02:02]} 24. Kb1 {[%emt 0:01:06]} Qa5 {[%emt 0:00:36]} 25. c3 {[%emt 0:01:17]} Bc6 {[%emt 0:01:14]} 26. Kc2 {[%emt 0:04:07]} b4 {[%emt 0:00:44]} 27. Ra1 {[%emt 0:00:14]} Qc7 {[%emt 0:00:33]} 28. Rxa8 Rxa8 {[%emt 0:00:22]} 29. f3 {[%emt 0:01:02]} Ba4 {[%emt 0:01:09]} 30. Bxa4 Rxa4 {[%emt 0:00:02]} 31. Kb3 {[%emt 0:01:58]} Qa5 {[%emt 0:00:26]} 32. Rc1 {[%emt 0:02:45]} g6 {[%emt 0:00:53]} 33. Qd2 {[%emt 0:00:21]} bxc3 {[%emt 0:00:43]} 34. Rxc3 {[%emt 0:00:16]} Rb4+ {[%emt 0:01:40]} 35. Kc2 {[%emt 0:00:09]} Qa4+ {[%emt 0:00:09]} 36. Kb1 {[%emt 0:00:35]} Rd4 {[%emt 0:00:14]} 37. Rd3 {[%emt 0:00:15]} Qc4 {[%emt 0:02:25]} 38. Rxd4 {[%emt 0:00:11]} exd4 {[%emt 0:00:02]} 39. h4 {[%emt 0:00:00]} Kf8 {[%emt 0:00:00]} 40. Qa5 {[%emt 0:00:00]} 1/2-1/2

[Event "WSTCC-65 2020"]
[Site "Prague"]
[Date "2020.03.09"]
[Round "4.38"]
[White "Kannenberg, Karl-Heinz"]
[Black "Kratschmer, Heinz"]
[Result "1-0"]
[WhiteElo "2118"]
[BlackElo "2037"]
[Annotator "ChessBase"]
[PlyCount "89"]
[EventDate "2020.03.06"]
[EventType "team-tourn"]
[EventCountry "CZE"]
[SourceTitle "playchess.com"]
[Source "ChessBase"]
[SourceQuality "1"]
[TimeControl "40/5400+30:1800+30"]

1. d4 {[%emt 0:00:00]} Nf6 {[%emt 0:00:00]} 2. Bf4 {[%emt 0:00:00]} g6 {[%emt 0:00:00]} 3. e3 {[%emt 0:00:10]} Bg7 {[%emt 0:00:00]} 4. Nf3 {[%emt 0:00:14]} d6 {[%emt 0:00:11]} 5. h3 {[%emt 0:01:54]} O-O {[%emt 0:00:14]} 6. Be2 {[%emt 0:00:05]} c5 {[%emt 0:00:37]} 7. c3 {[%emt 0:00:46]} cxd4 {[%emt 0:04:16]} 8. exd4 {[%emt 0:01:24]} Nc6 {[%emt 0:00:07]} 9. O-O {[%emt 0:12:47]} Bf5 {[%emt 0:06:53]} 10. Nbd2 {[%emt 0:12:15]} Qb6 {[%emt 0:10:08]} 11. Nc4 {[%emt 0:02:16]} Qc7 {[%emt 0:01:11]} 12. d5 {[%emt 0:03:01]} Na5 {[%emt 0:01:09]} 13. Ne3 {[%emt 0:00:37]} b6 {[%emt 0:07:02]} 14. Nxf5 {[%emt 0:08:53]} gxf5 {[%emt 0:00:03]} 15. Nh4 {[%emt 0:00:40]} Qd7 {[%emt 0:04:44]} 16. Qd3 {[%emt 0:04:57]} Nb7 {[%emt 0:04:01]} 17. Bf3 {[%emt 0:10:02]} Ne4 {[%emt 0:05:03]} 18. Bxe4 {[%emt 0:04:33]} Nc5 {[%emt 0:00:24]} 19. Bxf5 {[%emt 0:00:41]} Nxd3 {[%emt 0:00:07]} 20. Bxd7 {[%emt 0:00:11]} Nxf4 {[%emt 0:00:09]} 21. Rad1 {[%emt 0:03:46]} Rad8 {[%emt 0:03:02]} 22. Bc6 {[%emt 0:01:02]} e5 {[%emt 0:00:48]} 23. Nf5 {[%emt 0:03:26]} h5 {[%emt 0:01:36]} 24. Kh2 {[%emt 0:04:59]} Kh7 {[%emt 0:00:28]} 25. g3 {[%emt 0:03:50]} Ng6 {[%emt 0:00:40]} 26. Rfe1 {[%emt 0:01:11]} Bf6 {[%emt 0:04:35]} 27. Re4 {[%emt 0:00:30]} Ne7 {[%emt 0:00:43]} 28. Nxe7 {[%emt 0:00:17]} Bxe7 {[%emt 0:00:01]} 29. Ra4 {[%emt 0:00:28]} a5 {[%emt 0:00:32]} 30. b4 {[%emt 0:00:54]} axb4 {[%emt 0:00:15]} 31. Rxb4 {[%emt 0:02:20]} Rb8 {[%emt 0:00:05]} 32. Rdb1 {[%emt 0:00:08]} Bd8 {[%emt 0:00:03]} 33. Ra4 {[%emt 0:00:25]} Kg6 {[%emt 0:02:53]} 34. Ra7 {[%emt 0:00:57]} f5 {[%emt 0:01:43]} 35. Rd7 {[%emt 0:01:09]} Rf6 {[%emt 0:00:15]} 36. Rb4 {[%emt 0:00:17]} f4 {[%emt 0:00:55]} 37. Ra4 {[%emt 0:01:55]} b5 {[%emt 0:06:28]} 38. Rb4 {[%emt 0:03:58]} fxg3+ 39. Kxg3 {[%emt 0:01:42]} Ba5 {[%emt 0:02:00]} 40. Rxb5 {[%emt 0:00:00]} h4+ {[%emt 0:00:00]} 41. Kxh4 {[%emt 0:07:39]} Rh8+ {[%emt 0:02:54]} 42. Kg3 {[%emt 0:04:15]} Bxc3 {[%emt 0:00:15]} 43. Rb3 {[%emt 0:01:03]} Be1 {[%emt 0:01:18]} 44. Rf3 {[%emt 0:00:20]} Rhf8 {[%emt 0:00:02]} 45. Rxd6 {[%emt 0:00:16]} 1-0

[Event "WSTCC-65 2020"]
[Site "Prague"]
[Date "2020.03.09"]
[Round "4.39"]
[White "Pitzl, Konstantinos"]
[Black "Krauseneck, Peter"]
[Result "1/2-1/2"]
[WhiteElo "2023"]
[BlackElo "2126"]
[Annotator "ChessBase"]
[PlyCount "25"]
[EventDate "2020.03.06"]
[EventType "team-tourn"]
[EventCountry "CZE"]
[SourceTitle "playchess.com"]
[Source "ChessBase"]
[SourceQuality "1"]
[TimeControl "40/5400+30:1800+30"]

1. Nf3 {[%emt 0:00:00]} f5 {[%emt 0:02:00]} 2. d3 {[%emt 0:00:00]} Nf6 {[%emt 0:00:52]} 3. e4 {[%emt 0:00:00]} d6 {[%emt 0:00:46]} 4. Nc3 {[%emt 0:00:12]} e5 {[%emt 0:00:27]} 5. exf5 {[%emt 0:00:23]} Bxf5 {[%emt 0:00:18]} 6. d4 {[%emt 0:01:54]} e4 {[%emt 0:01:50]} 7. Nh4 {[%emt 0:00:11]} Qd7 {[%emt 0:19:03]} 8. d5 {[%emt 0:08:33]} Be7 {[%emt 0:05:04]} 9. Nxf5 {[%emt 0:10:39]} Qxf5 {[%emt 0:01:25]} 10. Be2 {[%emt 0:00:15]} O-O {[%emt 0:00:57]} 11. Be3 {[%emt 0:00:05]} c6 {[%emt 0:09:13]} 12. g4 {[%emt 0:00:28]} Qe5 {[%emt 0:01:26]} 13. Bd4 {[%emt 0:04:42]} 1/2-1/2